The macro economy today / (Record no. 1729)
[ view plain ]
| 000 -LEADER | |
|---|---|
| fixed length control field | 01074pam a2200181 a 4500 |
| 020 ## - INTERNATIONAL STANDARD BOOK NUMBER | |
| ISBN | 0070577153 (alk.paper) |
| 022 ## - INTERNATIONAL STANDARD SERIAL NUMBER | |
| ISSN | 9780070577152 |
| 050 00 - CALL NUMBER | |
| Classification number | HB172.5 |
| Item number | .S3425 |
| 100 1# - AUTHOR | |
| Personal name | Schiller, Bradley R., |
| 245 14 - TITLE | |
| Title | The macro economy today / |
| Statement of responsibility, etc | Bradley R. Schiller. |
| 250 ## - EDITION | |
| Edition statement | 7th ed. |
| 260 ## - PUBLICATION INFORMATION | |
| Place of publication | New York : |
| Name of publisher | McGraw-Hill, |
| Year of publication | c1997. |
| 300 ## - DESCRIPTION | |
| Number of Pages | xxvi, 530, 56 p. : |
| Other physical details | col. ill. ; |
| Dimensions | 26 cm. |
| 500 ## - NOTES | |
| General note | Include index. |
| 505 ## - FORMATTED CONTENTS NOTE | |
| Table of Content | The U.S. economy --<br/>Supply and demand --<br/>The public sector --<br/>Major problems: --<br/>National-income accounting --<br/>Unemployment --<br/>Inflation --<br/>Cyclical instability: --<br/>The business cycle --<br/>Aggregate spending --<br/>Potential instability --<br/>Fiscal policy options: --<br/>Fiscal policy --<br/>Deficits and debt --<br/>Monetary policy options: --<br/>Money and banks --<br/>The federal reserve system --<br/>Monetary policy --<br/>Supply-side options: --<br/>Supply-side policy: short-run options --<br/>Growth and productivity: long-run possibilities --<br/>Current policies: --<br/>Global macro --<br/>Theory and reality. |
| 650 #0 - SUBJECTS | |
| Topical Term | Macroeconomics. |
| 942 ## - ADDED ENTRY ELEMENTS (KOHA) | |
| Koha item type | Books |
| Withdrawn status | Lost status | Collection code | Home library | Current library | Shelving location | Date acquired | Full call number | Accession Number | Copy number | Koha item type |
|---|---|---|---|---|---|---|---|---|---|---|
| Reference | Methodist University Library Main | Methodist University Library Main | General Stacks | HB172.5 .S3425 | 11421 | 1 | Books | |||
| Reference | Methodist University Library Main | Methodist University Library Main | General Stacks | HB172.5 .S3425 | 11422 | 2 | Books |